000 01035nam a2200289 i 4500
001 000011241
003 DO-SdBNP
005 20260305092034.0
007 ta
008 091015s1975 dr 000 p spa d
040 _aDO-SdBNP
_bspa
_cBNPHU
_erda
041 _aspa
049 _aBNPD
082 4 _aRD861.44
_bB171P
_222
100 1 _aPérez Reyes, Héctor,
_eautor
_4aut.
_926805
245 1 3 _aLa obra poética de Joaquín Balaguer en cruces iluminadas /
_cHéctor Pérez Reyes.
264 1 _aSanto Domingo :
_bVallejos Hermanos,
_c1975.
300 _a14 páginas ;
_c23 cm.
336 _atexto
_btxt
_2rdacontent
337 _asin mediación
_bn
_2rdamedia
338 _avolumen
_bnc
_2rdacarrier
500 _aConferencia pronunciada en la biblioteca nacional en Santo Domingo el día viernes 6 de junio de 1975
600 1 0 _a Balaguer, Joaquín,
_d1906-2002
_xCritica e interpretación
_976556
650 4 _aPoesía dominicana
_xCongresos, conferencias, etc.
_926807
650 4 _aLiteratura dominicana.
_967
942 _2ddc
_cLF2
999 _c10960
_d10960